Industria de la confección

Resultados de la encuesta sobre necesidades de mano de obra en la industria de la confección en Guatemala./ALLV

Guardat en:
Dades bibliogràfiques
Autor corporatiu: Guatemala. Ministerio de Trabajo y Previsión Social. Centro Nacional de Desarrollo, Adiestramiento y Productividad
Format: Text
Publicat: Guatemala: CENDAP
Matèries:
Etiquetes: Afegir etiqueta
Sense etiquetes, Sigues el primer a etiquetar aquest registre!

MARC

LEADER 00000 a a2200000 04500
001 19667
003
040 |a CRAI/IIS  |c CRAI/IIS 
090 |a 078600  
110 |a Guatemala. Ministerio de Trabajo y Previsión Social. Centro Nacional de Desarrollo, Adiestramiento y Productividad  
245 |a Industria de la confección  
260 |a Guatemala:   |b CENDAP  
300 |a 52 p.; v. 5  
520 |a Resultados de la encuesta sobre necesidades de mano de obra en la industria de la confección en Guatemala./ALLV  
650 |a ENCUESTAS  
650 |a OBREROS DEL VESTIDO  
650 |a NECESIDADES DE MANO DE OBRA  
650 |a INDUSTRIA DEL VESTUARIO  
999 |c 17690  |d 17690